|
|
|
|
| LEADER |
02918nam a22004213i 4500 |
| 001 |
EBC30733607 |
| 003 |
MiAaPQ |
| 005 |
20231204023231.0 |
| 006 |
m o d | |
| 007 |
cr cnu|||||||| |
| 008 |
231204s2023 xx o ||||0 eng d |
| 020 |
|
|
|a 9781000986761
|q (electronic bk.)
|
| 020 |
|
|
|z 9781032459530
|
| 035 |
|
|
|a (MiAaPQ)EBC30733607
|
| 035 |
|
|
|a (Au-PeEL)EBL30733607
|
| 035 |
|
|
|a (OCoLC)1396696652
|
| 040 |
|
|
|a MiAaPQ
|b eng
|e rda
|e pn
|c MiAaPQ
|d MiAaPQ
|
| 082 |
0 |
|
|a 338.927
|
| 100 |
1 |
|
|a Kuźniarska, Aneta.
|
| 245 |
1 |
0 |
|a Organizing Sustainable Development.
|
| 250 |
|
|
|a 1st ed.
|
| 264 |
|
1 |
|a Milton :
|b Taylor & Francis Group,
|c 2023.
|
| 264 |
|
4 |
|c {copy}2024.
|
| 300 |
|
|
|a 1 online resource (291 pages)
|
| 336 |
|
|
|a text
|b txt
|2 rdacontent
|
| 337 |
|
|
|a computer
|b c
|2 rdamedia
|
| 338 |
|
|
|a online resource
|b cr
|2 rdacarrier
|
| 490 |
1 |
|
|a Routledge Open Business and Economics Series
|
| 505 |
0 |
|
|a Cover -- Half Title -- Series Page -- Title Page -- Copyright Page -- Table of Contents -- List of Figures, Tables and Maps -- List of Contributors -- Introduction -- Part 1 The Concept of Sustainable Development -- 1 Legal and Historical Aspects of Sustainable Development -- 2 Sustainable Development Goals - Assessment and Relationships -- 3 The Economic Dimension of Sustainable Development -- 4 The Social Dimension of Sustainable Development -- 5 Environmental Sustainability From the Perspective of Political Economy: Challenges and Hope -- 6 Multiple Perspectives on Sustainable Development -- 7 Sustainable Development and Corporate Social Responsibility -- Part 2 Sustainable Development Organizational Function -- 8 Sustainable Business Management -- 9 Sustainable Production -- 10 Sustainable Supply Chains -- 11 Sustainable Marketing -- 12 Sustainable Servitisation in the Automotive Sector: An Exploratory Study -- 13 Sustainable HRM -- Part 3 Forging a Sustainable Development -- 14 The Role of Globalization in Sustainable Development -- 15 The Role of Stakeholders in Sustainable Development -- 16 The Role of Education in Sustainable Development -- 17 The Role of Innovation in Sustainable Development -- 18 Reporting on Sustainable Development -- Index.
|
| 588 |
|
|
|a Description based on publisher supplied metadata and other sources.
|
| 590 |
|
|
|a Electronic reproduction. Ann Arbor, Michigan : ProQuest Ebook Central, 2023. Available via World Wide Web. Access may be limited to ProQuest Ebook Central affiliated libraries.
|
| 655 |
|
4 |
|a Electronic books.
|
| 700 |
1 |
|
|a Mania, Karolina.
|
| 700 |
1 |
|
|a Jedynak, Monika.
|
| 776 |
0 |
8 |
|i Print version:
|a Kuźniarska, Aneta
|t Organizing Sustainable Development
|d Milton : Taylor & Francis Group,c2023
|z 9781032459530
|
| 797 |
2 |
|
|a ProQuest (Firm)
|
| 830 |
|
0 |
|a Routledge Open Business and Economics Series
|
| 856 |
4 |
0 |
|u https://ebookcentral.proquest.com/lib/matrademy/detail.action?docID=30733607
|z Click to View
|